000 00280nam a2200121Ia 4500
008 190216s9999||||xx |||||||||||||| ||und||
100 _aAfzal-Ul-Ulama
245 0 _aAl-Arabu Wa Adabarum
260 _bSultana Publishing House
_c1976
300 _a45
650 _aArabic
942 _cBK
999 _c159
_d159